=LDR 00000nam 2200000 4500 =001 INLIS000000000050464 =005 20170505081559 =035 ##$$a 0010-0517000117 =007 ta =008 170505###########################0###### =020 ##$$a 978-602-98553-2-6 =082 ##$$a 613.5 =084 ##$$a 613.5 WOR h =100 #$$a Worth, Yvonne =245 1#$$a How To Clean Absoltely Everything /$c Worth, Yvonne =250 ##$$a Cet.1 =260 ##$$a Solo :$b Tiga Serangkai,$c 2011 =300 ##$$a 328 hlm. : $b Ilus ; $c 16,5 cm. =650 ##$$a Kebersihan =990 ##$$a 78697869 =990 ##$$a 78697869 =990 ##$$a 31701057 =990 ##$$a 02201707869 =990 ##$$a 31701058 =990 ##$$a 31701057